000 11968nam a22007097a 4500
005 20120419101027.0
010 _aB-459891-933
020 _a8188267066
_c150.00
035 _aB-459891-933
037 _bके. के. पब्लिकेशन्स
082 _a615.535
100 _aशर्मा, रामगोपाल
_945349
245 _aप्राकृतिक चिकित्सा /
_cरामगोपाल शर्मा
260 _aनई दिल्ली
_bग्रंथ अकादमी
_c2010
270 _a1659 पुराना दरियागंज
_bनई दिल्ली
_e110002
300 _a140पृ.
_c22सेमी (सजिल्द)
942 _2ddc
_cHN
_h615.535
_mशर्मारा
999 _c64844
_d64844